Quantitative Methods : for business , Management & Finance (Record no. 2550)

000 -LEADER
fixed length control field 00469nam a22001817a 4500
003 - CONTROL NUMBER IDENTIFIER
control field OSt
005 - DATE AND TIME OF LATEST TRANSACTION
control field 20240223104919.0
008 - FIXED-LENGTH DATA ELEMENTS--GENERAL INFORMATION
fixed length control field 160727b
020 ## - INTERNATIONAL STANDARD BOOK NUMBER
International Standard Book Number 9780333920763
050 ## - LIBRARY OF CONGRESS CALL NUMBER
Classification number HD30.215 .S95 2001
100 ## - MAIN ENTRY--PERSONAL NAME
Personal name Swift Louis
245 ## - TITLE STATEMENT
Title Quantitative Methods : for business , Management & Finance
Statement of responsibility, etc Louise Swift
260 ## - PUBLICATION, DISTRIBUTION, ETC. (IMPRINT)
Place of publication, distribution, etc Hampshire
Name of publisher, distributor, etc Palgrave
Date of publication, distribution, etc 2001
300 ## - PHYSICAL DESCRIPTION
Extent xiv, 861p.
504 ## - BIBLIOGRAPHY, ETC. NOTE
Bibliography, etc Includes index.
650 ## - SUBJECT ADDED ENTRY--TOPICAL TERM
Topical term or geographic name as entry element Quantitative Methods
942 ## - ADDED ENTRY ELEMENTS (KOHA)
Source of classification or shelving scheme
Koha item type Book
Holdings
Withdrawn status Lost status Source of classification or shelving scheme Damaged status Not for loan Home library Current library Shelving location Date acquired Total Checkouts Full call number Barcode Date last seen Date checked out Copy number Price effective from Koha item type
          Riara University Library Riara University Library General stack 27/07/2016 1 HD30.215 .S95 2014 5840/15 28/02/2017 15/02/2017 C.1 27/07/2016 Book

Riara University Library,
P.O. Box 49940-00100,
Nairobi, Kenya.